करो या मरो / (Record no. 50523)

MARC details
000 -LEADER
fixed length control field 01160nam a22002657a 4500
005 - DATE AND TIME OF LATEST TRANSACTION
control field 20110214110156.0
008 - FIXED-LENGTH DATA ELEMENTS--GENERAL INFORMATION
fixed length control field 090211t xxu||||| |||| 00| 0 hin d
010 ## - LCCN (DPL NO)
LC control number HIN-91868
020 ## - INTERNATIONAL STANDARD BOOK NUMBER
Terms of availability 150.00
International Standard Book Number 9788190953764
035 ## - SYSTEM CONTROL NUMBER
System control number HN-64214
037 ## - SOURCE OF ACQUISITION
Source of stock number/acquisition DBAD / PUB
040 ## - CATALOGING SOURCE
Original cataloging agency DPL
Language of cataloging HN
082 ## - DEWEY DECIMAL CLASSIFICATION NUMBER
Classification number
100 ## - MAIN ENTRY--PERSONAL NAME
Personal name वाचस्पति, जयन्त
9 (RLIN) 25892
245 ## - TITLE STATEMENT
Title करो या मरो /
Statement of responsibility, etc जयन्त वाचस्पति
246 ## - VARYING FORM OF TITLE
Title proper/short title Karo ya maro
Remainder of title by Jyant Vachaspati
260 ## - PUBLICATION, DISTRIBUTION, ETC. (IMPRINT)
Place of publication, distribution, etc नई दिल्ली
Name of publisher, distributor, etc चिल्ड्रन बुक बैंक
Date of publication, distribution, etc 2010
270 ## - ADDRESS
Address एस-419 (ग्राउंड फ्लोर), ग्रेटर कैलाश-1
City नई दिल्ली
Postal code 110048
Telephone number 29248888
300 ## - PHYSICAL DESCRIPTION
Extent 116पृ.
Dimensions 18सेमी. (सजिल्द)
650 ## - SUBJECT ADDED ENTRY--TOPICAL TERM
9 (RLIN) 1169
Topical term or geographic name as entry element हिन्दी कथा साहित्य
650 ## - SUBJECT ADDED ENTRY--TOPICAL TERM
9 (RLIN) 25893
Topical term or geographic name as entry element Hindi Novel
700 ## - ADDED ENTRY--PERSONAL NAME
Personal name
9 (RLIN) 25894
942 ## - ADDED ENTRY ELEMENTS (KOHA)
Source of classification or shelving scheme Dewey Decimal Classification
Item type Hindi Books
Classification part
Call number suffix वाचस्प
Holdings
Withdrawn status Lost status Source of classification or shelving scheme Damaged status Not for loan Collection code Home library Current library Date acquired Source of acquisition Cost, normal purchase price Total Checkouts Full call number Barcode Date last seen Copy number Cost, replacement price Koha item type
    Dewey Decimal Classification   Not For Loan Fiction D.B.Act.Division D.B.Act.Division 14/02/2011 DBAD /PUB 150.00   उ वाचस्प HN-64214 14/02/2011 1 150.00 Hindi Books

© Delhi Public Library
Hit Counter
free hit counter